000
00303nam a22001337a 4500
008
180926b xxu||||| |||| 00| 0 eng d
020
_a
0838561020
041
_a
eng
080
_2
9th
_a
617
100
_a
5
101
_a
KIR
245
_a
Maingot's Abdominal Operations
_c
Schwartz,S.I
942
_2
udc
_c
BK
999
_c
48471
_d
48471